First One, Last One: History Quiz Stats

 Plays Quiz Updated Nov 10, 2019

Score 0/18 Timer 03:00
44 Plays Today
% Correct
Neil Armstrong
89.7%
Bill Clinton
89.2%
Margaret Thatcher
87.7%
Harvard University
85.2%
Nazi Germany
83.5%
Theresa May
77%
Virginia
69%
Pyramid of Giza
66.5%
William McKinley
65.9%
% Correct
Catherine of Aragon
60.6%
Georgia
53%
Suriname
47%
Catherine Parr
46.9%
Colombia
45.1%
Cornell University
43.9%
Lighthouse of Alexandria
25.8%
Eugene Cernan
19.1%
Mongolia
15.1%

You're not logged in!

Compare scores with friends on all Sporcle quizzes.
OR
Log In

Sporcle TV

Today on Sporcle TV


Watch our educational content, quiz creation guides, and fun videos on Sporcle TV.

Show Comments

Extras

Top Quizzes Today


Score Distribution

Your Account Isn't Verified!

In order to create a playlist on Sporcle, you need to verify the email address you used during registration. Go to your Sporcle Settings to finish the process.

Report this User

Report this user for behavior that violates our Community Guidelines.

Details: